<?xml version="1.0" encoding="UTF-8"?>
<record
    xmlns:xsi="http://www.w3.org/2001/XMLSchema-instance"
    xsi:schemaLocation="http://www.loc.gov/MARC21/slim http://www.loc.gov/standards/marcxml/schema/MARC21slim.xsd"
    xmlns="http://www.loc.gov/MARC21/slim">

  <leader>03066nam a2200337 a 4500</leader>
  <controlfield tag="001">00149</controlfield>
  <controlfield tag="003">DO-SdBNP</controlfield>
  <controlfield tag="005">20180309102616.0</controlfield>
  <controlfield tag="007">00149</controlfield>
  <controlfield tag="008">160406b        xxu||||| |||| 00| 0 spa d</controlfield>
  <datafield tag="040" ind1=" " ind2=" ">
    <subfield code="a">BPMSU</subfield>
    <subfield code="b">spa</subfield>
    <subfield code="c">BPMSU</subfield>
  </datafield>
  <datafield tag="092" ind1=" " ind2=" ">
    <subfield code="a">373.7    </subfield>
    <subfield code="b">P349m    1ro.    [200-?]</subfield>
  </datafield>
  <datafield tag="100" ind1="1" ind2=" ">
    <subfield code="a">Pe&#xF1;a Geraldino, Rafael </subfield>
  </datafield>
  <datafield tag="245" ind1="1" ind2="0">
    <subfield code="a">Matem&#xE1;tica 1 :</subfield>
    <subfield code="b">educaci&#xF3;n media  /</subfield>
    <subfield code="c"> Rafael Pe&#xF1;a Geraldino ; coordinador Jos&#xE9; Molinaza </subfield>
  </datafield>
  <datafield tag="250" ind1=" " ind2=" ">
    <subfield code="a">2da. ed</subfield>
  </datafield>
  <datafield tag="260" ind1=" " ind2=" ">
    <subfield code="a">Santo Domingo :</subfield>
    <subfield code="b">Secretar&#xED;a de Estado de Educaci&#xF3;n </subfield>
    <subfield code="c">[20uu?]</subfield>
  </datafield>
  <datafield tag="300" ind1=" " ind2=" ">
    <subfield code="a">227 p.</subfield>
    <subfield code="b">retrs. ;</subfield>
    <subfield code="c">28 cm.</subfield>
  </datafield>
  <datafield tag="500" ind1=" " ind2=" ">
    <subfield code="a">Gesti&#xF3;n educativa 2004-2008</subfield>
  </datafield>
  <datafield tag="505" ind1=" " ind2=" ">
    <subfield code="a"> </subfield>
    <subfield code="t">Cap&#xED;tulo 1 :  </subfield>
    <subfield code="t">Enunciados y proposiciones--Valor de verdad de una proposici&#xF3;n -- Tabla de verdad -- Proposiciones compuestas -- Equivalencia de proposiciones -- Clasificaci&#xF3;n de las proposiciones -- Funci&#xF3;n proposicional -- Cuantificadores.</subfield>
    <subfield code="t">Cap&#xED;tulo 2 : </subfield>
    <subfield code="t">Conjuntos -- Relaci&#xF3;n de pertenencia --Representaci&#xF3;n gr&#xE1;fica de los conjuntos -- Relaciones entre los conjunos -- Propiedades de los conjuntos -- Operaciones de conjuntos.</subfield>
    <subfield code="t">Cap&#xED;tulo 3 : </subfield>
    <subfield code="t">Conceptos b&#xE1;sicos del &#xE1;lgebra -- Polinomios -- Operaciones con polinomios -- Valor num&#xE9;rico de expresiones algebraicas -- Productos notables -- Cocientes notables </subfield>
    <subfield code="t">Cap&#xED;tulo 4 : </subfield>
    <subfield code="t"> Potenciacci&#xF3;n -- Exponentes negativos -- Radicaci&#xF3;n -- Operaciones con radicales -- Racionaliaci&#xF3;n -- Factorizaci&#xF3;n -- Proceso de factorizaci&#xF3;n -- Diferentes casos de factorizaci&#xF3;n -- Otras  modalidaes de factorizaci&#xF3;n </subfield>
    <subfield code="t">Cap&#xED;tulo 5 : </subfield>
    <subfield code="t">M&#xE1;ximo com&#xFA;n divisor -- M&#xED;nimo com&#xFA;n m&#xFA;ltiplo -- Fracciones algebraicas -- Simplificaci&#xF3;n de fracciones -- Operaciones con fracciones algebraica -- Fracciones compuestas</subfield>
    <subfield code="t">Cap&#xED;tulo 6: </subfield>
    <subfield code="t">Conjuntos num&#xE9;ricos -- Diagrma de Ven Euler de los conhuntos num&#xE9;ricos -- Desigualdad en los n&#xFA;meros reales -- Intervalos definidos e indefinidos -- Operaciones de conjuntos con los intervalos -- Valor absoluto de n&#xFA;meros reales</subfield>
    <subfield code="t">Cap&#xED;tulo 7: </subfield>
    <subfield code="t">Conceptos fundamentales de la geometr&#xED;a -- Consideraciones sobre la l&#xED;nea recta -- Plano -- &#xC1;ngulos -- Teoremas</subfield>
    <subfield code="t">Cap&#xED;tulo 8 : </subfield>
    <subfield code="t"> Ecuaciones -- Propiedades de las ecuaciones -- Resoluci&#xF3;n de una ecuaci&#xF3;n de primer grado -- Grad de una ecuaci&#xF3;n -- Resolucci&#xF3;n de problemas -- Inecuaciones --Resoluci&#xF3;n de inecuaciones -- Ecuaciones e inecuaciones con valores absolutos </subfield>
    <subfield code="t">Capitulo 9 : </subfield>
    <subfield code="t">N&#xFA;meros imaginarios -- Potencias de i -- Operaciones con los n&#xFA;meros complejos</subfield>
    <subfield code="t">Cap&#xED;tulo 10</subfield>
    <subfield code="t"> Estad&#xED;stica -- Poblaci&#xF3;n y muestra -- Muestra -- Presentaci&#xF3;n de datos -- Tipos de gr&#xE1;ficos.</subfield>
  </datafield>
  <datafield tag="650" ind1=" " ind2="4">
    <subfield code="a">MATEM&#xC1;TICAS</subfield>
    <subfield code="x">ENSE&#xD1;ANZA  SECUNDARIA</subfield>
  </datafield>
  <datafield tag="650" ind1=" " ind2="4">
    <subfield code="a">EDUCACI&#xD3;N SECUNDARIA</subfield>
    <subfield code="z">REP&#xDA;BLICA DOMINICANA</subfield>
  </datafield>
  <datafield tag="650" ind1=" " ind2="4">
    <subfield code="a">MATEM&#xC1;TICAS </subfield>
    <subfield code="x">LIBROS DE TEXTOS</subfield>
  </datafield>
  <datafield tag="650" ind1=" " ind2="4">
    <subfield code="a">MATEM&#xC1;TICAS</subfield>
    <subfield code="x">ESTUDIOS Y EJERCICIOS</subfield>
  </datafield>
  <datafield tag="700" ind1="1" ind2=" ">
    <subfield code="a">Molinaza, Jos&#xE9;,</subfield>
    <subfield code="4">coord.</subfield>
  </datafield>
  <datafield tag="910" ind1=" " ind2=" ">
    <subfield code="a">Validado. Control de calidad MFF</subfield>
  </datafield>
  <datafield tag="942" ind1=" " ind2=" ">
    <subfield code="2">ddc</subfield>
    <subfield code="c">BK</subfield>
  </datafield>
  <datafield tag="945" ind1=" " ind2=" ">
    <subfield code="a">inventariado, 2018 / dg</subfield>
  </datafield>
  <datafield tag="952" ind1=" " ind2=" ">
    <subfield code="0">0</subfield>
    <subfield code="1">0</subfield>
    <subfield code="2">ddc</subfield>
    <subfield code="4">0</subfield>
    <subfield code="7">0</subfield>
    <subfield code="a">BPMET</subfield>
    <subfield code="b">BPMET</subfield>
    <subfield code="d">2016-04-06</subfield>
    <subfield code="e">Donaci&#xF3;n</subfield>
    <subfield code="l">0</subfield>
    <subfield code="o">373.7   P349m    1ro.   [200-?]</subfield>
    <subfield code="p">BPMSU16040160</subfield>
    <subfield code="r">2016-04-06</subfield>
    <subfield code="w">2016-04-06</subfield>
    <subfield code="y">BK</subfield>
  </datafield>
  <datafield tag="956" ind1=" " ind2=" ">
    <subfield code="a">BTAVAREZ</subfield>
    <subfield code="b">10</subfield>
    <subfield code="c">20100809</subfield>
    <subfield code="l">BND01</subfield>
    <subfield code="h">1053</subfield>
  </datafield>
  <datafield tag="956" ind1=" " ind2=" ">
    <subfield code="a">VMATEO</subfield>
    <subfield code="b">10</subfield>
    <subfield code="c">20150707</subfield>
    <subfield code="l">BPMSU</subfield>
    <subfield code="h">00151</subfield>
  </datafield>
  <datafield tag="956" ind1=" " ind2=" ">
    <subfield code="a">BTAV&#xC1;REZ</subfield>
    <subfield code="b">10</subfield>
    <subfield code="c">20160406</subfield>
    <subfield code="l">00149</subfield>
  </datafield>
  <datafield tag="999" ind1=" " ind2=" ">
    <subfield code="c">9588</subfield>
    <subfield code="d">9588</subfield>
  </datafield>
</record>
